| 000 | 00383nam a2200145Ia 4500 | ||
|---|---|---|---|
| 005 | 20251222141914.0 | ||
| 008 | 251222s9999||||xx |||||||||||||| ||spa|| | ||
| 020 | _a970-665-205-1 | ||
| 082 | _a657.42/C28C/T.III | ||
| 100 | _aCárdenas Nápoles, Raúl | ||
| 245 | 0 | _aContabilidad de Costos | |
| 250 | _a5a.ed. | ||
| 264 | _bInstituto Mexicano de Contadores Públicos | ||
| 942 | _cLIB | ||
| 999 |
_c8499 _d8499 |
||